Cinética de relaciones químicas (Registro nro. 15525)

Detalles MARC
000 -Cabecera
Campo de control interno 00429nam a2200181Ia 4500
005 - Fecha y hora del registro
control field 20260306170202.0
008 - Elementos de Longitud Fija
fixed length control field 260306t1965||||xx |||||||||||||| ||und||
041 ## - Idioma
Codigo Idioma ESP
082 ## - DEWEY y NOTACIÓN INTERNA
Dewey 541.39
Notación Interna W21
100 ## - AUTOR
Autor denominación Walas, Stanley M.
Término de relación autor
245 #0 - TÍTULO DE MATERIAL BIBLIOGRÁFICO
Título Cinética de relaciones químicas
260 ## - CIUDAD, EDITORIAL, AÑO
Año 1965
300 ## - DESCRIPCIÓN
N° Páginas 409 páginas :
Dimensiones 21 cm.
650 ## - TEMAS
Temas Generalidades
654 ## - PROGRAMAS
Programa Dpto. de Ciencias Naturales
942 ## - ELEMENTOS DE KOHA
Tipo de documento Libro
Nombre del creador Justo Noguera
Código de catalogador Justo Noguera
Esquema de clasificación Dewey Decimal Classification
Suppress in OPAC
Existencias
Codigo completo Registro Colección Copia número Disponibilidad Tipo de préstamo Biblioteca Actual Procedencia (Biblioteca) Ubicacón Fecha Ingreso Tipo de Adquisición Date last seen Total checkouts Price effective from Tipo de Item Estado del Material Fuente de Clasificación Damaged status Withdrawn status
541.39 W21 1007355 Universidad Católica San Pablo 1 No disponible Restringido Víctor Andrés Belaunde Víctor Andrés Belaunde Planta baja cerrada 03/06/2026 Donación 06/03/2026   06/03/2026 Libro Bueno Dewey Decimal Classification